|
|
|
|
| LEADER |
00000nam a22000007a 4500 |
| 005 |
20220620165914.0 |
| 007 |
cr|||| |||| |
| 008 |
220620s2021 es |||||s|||| 00||0 spa d |
| 020 |
|
|
|a 978-84-1377-985-0
|
| 035 |
|
|
|a 36124
|
| 040 |
|
|
|a vLex
|
| 090 |
|
|
|c 13441
|d 13441
|
| 100 |
1 |
|
|a Hierro Hierro, Francisco Javier
|
| 245 |
1 |
0 |
|a Polt̕icas pb︢licas de fomento de empleo: colectivos beneficiarios
|h [Recurso electrn̤ico] /
|c Francisco Javier Hierro Hierro
|
| 256 |
|
|
|a Servicio en ln̕ea
|
| 260 |
|
|
|a Madrid:
|b Dykinson,
|c 2021
|
| 300 |
|
|
|a 1 recurso electrn̤ico
|
| 500 |
|
|
|a "De un tiempo a esta parte es recurrente escuchar y leer en distintos foros y publicaciones econm̤icas y sociales la necesidad de focalizar las polt̕icas activas de empleo. Esta exigencia toma especial valor en todo lo que se relaciona con las bonificaciones y las reducciones en las cotizaciones a la Seguridad Social dadas las implicaciones directas entre ambas. El panorama en abierto y, en la prc̀tica, casi universal que haya podido venir desarrollǹdose diluye la consecucin̤ plena de los objetivos perseguidos por estas polt̕icas. De ah ̕que se instruya la concrecin̤ sobre ciertos colectivos muy determinados y especialmente singularizados para que las mismas tengan plena efectividad y la mx̀ima eficacia. En esta obra se realiza una mirada transversal a estas polt̕icas activas de empleo desde los prismas de los sujetos afectados. Se ha alejado el enfoque de las finalidades y objetivos precisos, de su regulacin̤ genřica, de los aspectos generales y se ha impulsado un acercamiento a lo micro, una aproximacin̤ parcelada a esta materia por colectivos de beneficiarios. As,̕ centran la atencin̤ de esta obra las personas jv̤enes; quienes se ocupan en las faenas agrarias; aquellas personas que prestan servicios por cuenta propia o en rǧimen de autonoma̕; quienes la insercin̤ laboral presenta grandes dificultades al concurrir en ellas prestaciones de incapacidad permanente…, o con un tinte actual, amplio y general quienes se han visto seąladas negativamente en sus oportunidades de empleo a causa de la COVID-19".
|
| 506 |
1 |
|
|a Disponible solo en los productos indicados
|d vLex Global
|d vLex Global (Academic Edition, excluding Law Schools)
|d vLex Global (U.S. Academic Edition, Law Schools)
|d vLex Global (U.S. Academic Edition, excluding Law Schools)
|d vLex Global (Academic Edition, Law Schools)
|
| 650 |
0 |
4 |
|a Fomento al Empleo
|z Espaą
|
| 740 |
0 |
|
|a vLex Libros (Servicio en ln̕ea)
|
| 856 |
4 |
0 |
|u https://app.vlex.com/#/sources/36124
|z Acceso restringido
|
| 942 |
|
|
|c BOOK
|
| 999 |
0 |
|
|a Employment Promotion
|